[Event "Mantova Province-ch"]
[Site "Mantova"]
[Date "2013.03.01"]
[Round "3"]
[White "Zordan, Giovanni"]
[Black "Maniscalco, Orazio"]
[Result "0-1"]
[WhiteElo "1680"]
[BlackElo "1449"]
[PlyCount "54"]
[EventDate "2013.02.15"]
[EventType "swiss"]
[EventRounds "6"]
[EventCountry "ITA"]
[SourceTitle "EXT 2014"]
[Source "ChessBase"]
[SourceDate "2013.11.20"]
[SourceVersion "1"]
[SourceVersionDate "2013.11.20"]
[SourceQuality "1"]

1. e4 c5 2. Nf3 d6 3. Bb5+ Bd7 4. Bxd7+ Qxd7 5. Nc3 Nf6 6. d4 cxd4 7. Qxd4 Nc6 8. Qa4 e6 9. 0-0 Be7 10. Be3 0-0 11. Rad1 a6 12. Rd2 Qc7 13. Rfd1 b5 14. Qb3 Na5 15. Qb4 d5 16. Qd4 Nc4 17. Re2 dxe4 18. Nxe4 Rfd8 19. Nxf6+ Bxf6 20. Qe4 Rxd1+ 21. Ne1 Rad8 22. b3 Nxe3 23. Qxe3 h6 24. g3 Bc3 25. Kg2 Bxe1 26. Rxe1 Rxe1 27. Qxe1 Qxc2 0-1

[Event "Mantova Province-ch"]
[Site "Mantova"]
[Date "2013.02.15"]
[Round "1"]
[White "Maniscalco, Orazio"]
[Black "Baroni, Alessandro"]
[Result "0-1"]
[WhiteElo "1449"]
[BlackElo "1949"]
[PlyCount "70"]
[EventDate "2013.02.15"]
[EventType "swiss"]
[EventRounds "6"]
[EventCountry "ITA"]
[SourceTitle "EXT 2014"]
[Source "ChessBase"]
[SourceDate "2013.11.20"]
[SourceVersion "1"]
[SourceVersionDate "2013.11.20"]
[SourceQuality "1"]

1. e4 e6 2. d4 c5 3. c3 d5 4. e5 Nc6 5. Nf3 Qb6 6. a3 Bd7 7. b4 cxb4 8. axb4 a5 9. Bd3 Rc8 10. b5 Na7 11. Qa4 Bxb5 12. Bxb5+ Qxb5 13. Qxa5 Qxa5 14. Rxa5 Nc6 15. Ra4 Nge7 16. 0-0 Nf5 17. Bb2 Be7 18. Nbd2 0-0 19. Rfa1 b5 20. Ra6 b4 21. cxb4 Nxb4 22. R6a4 Rc2 23. Ba3 Rb8 24. Bxb4 Rxb4 25. Rxb4 Bxb4 26. Nb3 g6 27. h3 Kg7 28. Rc1 Rb2 29. Nc5 Bd2 30. Rd1 Ba5 31. Rd3 Bb6 32. g3 Nxd4 33. Nxd4 Bxc5 34. Kg2 Bxd4 35. Rxd4 Re2 0-1